|
|
|
|
| LEADER |
00000nab a2200000uu 4500 |
| 001 |
vtls011450987 |
| 003 |
SK-MaSNL |
| 005 |
20260303151403.0 |
| 008 |
230222|1976 xo |||||||||||||||||eng| |
| 015 |
|
|
|a SNBRB
|
| 035 |
|
|
|a (urnnbn)urn:nbn:sk:snk:ar-006k8a
|
| 035 |
|
|
|a (uuid)9d405fd5-f5a8-4a1f-b431-616acca251cd
|
| 035 |
|
|
|a urn:nbn:sk:snk-abcn1u
|
| 040 |
|
|
|a SNKBUCL
|b slo
|c SNKBUCL
|e AACR2
|
| 041 |
0 |
|
|a eng
|
| 044 |
|
|
|a xo
|c SK
|
| 100 |
1 |
|
|a Popovičová, Marta
|4 aut
|9 1170901
|
| 245 |
1 |
0 |
|a DARBOUX PROPERTY FOR FUNCTIONS OF SEVERAL VARIABLES
|c Marta Popovičová
|
| 773 |
0 |
|
|t Mathematica Slovaca
|g Roč. 26, č. 3 (1976), s. 185-192
|
| 958 |
|
|
|a OND
|
| 958 |
|
|
|a EUIPO
|
| 958 |
|
|
|a article16
|
| 999 |
|
|
|c 2017478
|d 2019408
|